[Event "Bogota Navidad op"]
[Site "Bogota"]
[Date "2024.12.08"]
[Round "8"]
[White "Cordero Gonzalez, Victor William"]
[Black "Rodriguez Munoz, Cesar Esteban"]
[Result "0-1"]
[WhiteElo "1716"]
[BlackElo "1921"]
[PlyCount "124"]
[EventDate "2024.12.04"]
[EventType "swiss"]
[EventRounds "9"]
[EventCountry "COL"]
[SourceTitle "CB50_2024"]
[SourceDate "2024.11.01"]
[SourceVersion "1"]
[SourceVersionDate "2024.11.01"]
[SourceQuality "2"]

1. e4 e5 2. Nf3 Nf6 3. Nc3 Bb4 4. Bc4 Bxc3 5. dxc3 d6 6. Bg5 0-0 7. Qe2 Nbd7 8. 0-0-0 Re8 9. h3 Nc5 10. Nd2 Be6 11. f3 Bxc4 12. Nxc4 Ne6 13. Be3 Qe7 14. g4 b5 15. Nd2 Reb8 16. h4 b4 17. cxb4 Rxb4 18. Nb3 a5 19. c3 Rb7 20. Kb1 a4 21. Nc1 Rab8 22. Rd2 Qe8 23. Nd3 Qb5 24. Nb4 c5 25. Qxb5 Rxb5 26. Nd3 Nd8 27. h5 Nc6 28. g5 Ne8 29. Rhh2 Na5 30. Rde2 Nc4 31. Bc1 Nc7 32. f4 Na6 33. f5 Na5 34. f6 c4 35. Ne1 Nc5 36. fxg7 a3 37. g6 Na4 38. gxf7+ Kxg7 39. f8Q+ Kxf8 40. Ref2+ Ke8 41. Rhg2 Nxc3+ 42. Kc2 axb2 43. Bxb2 Nxe4 44. Rg8+ Ke7 45. Rxb8 Rxb8 46. Rg2 Ke6 47. Nf3 Rf8 48. Ne1 Rf2+ 49. Rxf2 Nxf2 50. Bc3 Nc6 51. Nf3 Ne4 52. a4 Kf5 53. a5 Nxc3 54. Kxc3 Nxa5 55. Kb4 Nc6+ 56. Kxc4 Ne7 57. Kc3 Nd5+ 58. Kd2 Nf6 59. Ke3 Nxh5 60. Nd2 d5 61. Nb3 Nf4 62. Nc5 h5 0-1

[Event "Bogota Navidad op"]
[Site "Bogota"]
[Date "2024.12.06"]
[Round "5"]
[White "Cardozo Camargo, Aldo"]
[Black "Rodriguez Munoz, Cesar Esteban"]
[Result "0-1"]
[WhiteElo "1680"]
[BlackElo "1921"]
[PlyCount "110"]
[EventDate "2024.12.04"]
[EventType "swiss"]
[EventRounds "9"]
[EventCountry "COL"]
[SourceTitle "CB50_2024"]
[SourceDate "2024.11.01"]
[SourceVersion "1"]
[SourceVersionDate "2024.11.01"]
[SourceQuality "2"]

1. e4 e5 2. Nf3 Nf6 3. d3 Nc6 4. Bg5 Be7 5. Bh4 0-0 6. Be2 d5 7. exd5 Nxd5 8. Bxe7 Qxe7 9. 0-0 Nf4 10. Re1 Bg4 11. Nbd2 Rad8 12. h3 Bh5 13. Kh2 Qc5 14. Ne4 Qb6 15. g4 Bg6 16. Nfd2 Nd4 17. Nc4 Qe6 18. Bf3 f5 19. Nc5 Qe7 20. Rxe5 Qh4 21. Bg2 Qxf2 22. Qf1 Nf3+ 23. Kh1 Qxf1+ 24. Rxf1 Nxe5 25. Rxf4 Nxc4 26. Rxc4 Bf7 27. Ra4 fxg4 28. hxg4 Rde8 29. Be4 Bg6 30. Bxg6 hxg6 31. Ne4 a6 32. Rc4 Re7 33. Kg2 Rf4 34. g5 c6 35. a4 Re5 36. Kg3 Rf1 37. Kg2 Rff5 38. Kg3 Kf8 39. Kg4 Ke7 40. Rb4 b5 41. axb5 Rxb5 42. Rc4 Kd7 43. b3 a5 44. Rd4+ Rfd5 45. Rc4 Rb4 46. Rc3 Rf5 47. Kh4 c5 48. Kg4 Kc6 49. Kh4 Rd4 50. Kg3 Kb5 51. Kg2 Kb4 52. Kh3 Re5 53. Kg3 Rdxe4 54. dxe4 Kxc3 55. Kf4 Re8 0-1

[Event "Bogota Navidad op"]
[Site "Bogota"]
[Date "2024.12.06"]
[Round "4"]
[White "Gonzalez Modera, Maikoll Ivan"]
[Black "Rodriguez Munoz, Cesar Esteban"]
[Result "1-0"]
[WhiteElo "1749"]
[BlackElo "1921"]
[PlyCount "113"]
[EventDate "2024.12.04"]
[EventType "swiss"]
[EventRounds "9"]
[EventCountry "COL"]
[SourceTitle "CB50_2024"]
[SourceDate "2024.11.01"]
[SourceVersion "1"]
[SourceVersionDate "2024.11.01"]
[SourceQuality "2"]

1. d4 Nf6 2. c4 e6 3. Nf3 d5 4. g3 Bb4+ 5. Bd2 Be7 6. Bg2 0-0 7. 0-0 Ne4 8. Nc3 b6 9. cxd5 exd5 10. Qb3 Bb7 11. Rfd1 Re8 12. Bf4 Bf6 13. Be5 c6 14. e3 Nd7 15. Rac1 Nxc3 16. Qxc3 Rc8 17. b4 b5 18. Bh3 Ra8 19. Bxd7 Qxd7 20. Bxf6 gxf6 21. Nh4 Qh3 22. Ng2 Qf5 23. Nf4 Qe4 24. Rf1 Qf3 25. Qc2 Re4 26. Qd1 Qxd1 27. Rfxd1 a5 28. a3 Re7 29. Nd3 Rc7 30. Nf4 Re7 31. Kg2 axb4 32. axb4 Ra4 33. Nd3 Ba8 34. Nc5 Ra2 35. Ra1 Rea7 36. Rxa2 Rxa2 37. Rc1 Kf8 38. Kf3 Ke7 39. h4 f5 40. Nd3 Bb7 41. Kf4 Kf6 42. f3 Ra8 43. Ne5 Ke6 44. Rc3 h6 45. h5 Ra1 46. Nxc6 Bxc6 47. Rxc6+ Kd7 48. Rxh6 Rb1 49. Ke5 Rxb4 50. Rd6+ Ke7 51. Rb6 Rb3 52. Kf4 Kf8 53. h6 Kg8 54. Rb7 b4 55. h7+ Kxh7 56. Rxf7+ Kg6 57. Rxf5 1-0

[Event "Bogota rapid op"]
[Site "Bogota"]
[Date "2024.09.01"]
[Round "5"]
[White "Barreto Pulido, Mariana"]
[Black "Rodriguez Munoz, Cesar Esteban"]
[Result "0-1"]
[WhiteElo "1698"]
[BlackElo "1916"]
[PlyCount "50"]
[EventDate "2024.09.01"]
[EventType "swiss (rapid)"]
[EventRounds "7"]
[EventCountry "COL"]
[SourceTitle "EXT 2025"]
[Source "ChessBase"]
[SourceDate "2024.10.14"]
[SourceVersion "1"]
[SourceVersionDate "2024.10.14"]
[SourceQuality "1"]

1. e4 e5 2. Nf3 Nf6 3. Nc3 Bb4 4. Nxe5 Qe7 5. Nf3 Nxe4 6. Nxe4 Qxe4+ 7. Qe2 Qxe2+ 8. Bxe2 0-0 9. 0-0 d6 10. c3 Ba5 11. d4 Re8 12. Bc4 Bf5 13. Bd2 h6 14. Rfe1 Nd7 15. h3 Nf6 16. Bf4 Be4 17. Nd2 Bg6 18. Bg3 d5 19. Be2 c6 20. Be5 Nd7 21. Bg3 Re7 22. Bf3 Rae8 23. Kf1 Bd3+ 24. Be2 Rxe2 25. Rxe2 Rxe2 0-1

[Event "Bogota rapid op"]
[Site "Bogota"]
[Date "2024.09.01"]
[Round "4"]
[White "Rodriguez Munoz, Cesar Esteban"]
[Black "Porras Aldana, David Felipe"]
[Result "1-0"]
[WhiteElo "1916"]
[BlackElo "1601"]
[PlyCount "85"]
[EventDate "2024.09.01"]
[EventType "swiss (rapid)"]
[EventRounds "7"]
[EventCountry "COL"]
[SourceTitle "EXT 2025"]
[Source "ChessBase"]
[SourceDate "2024.10.14"]
[SourceVersion "1"]
[SourceVersionDate "2024.10.14"]
[SourceQuality "1"]

1. e4 c6 2. Nf3 d5 3. Nc3 dxe4 4. Nxe4 Nf6 5. Ng3 h5 6. h3 h4 7. Ne2 Bf5 8. d3 Nbd7 9. Ned4 Bg6 10. Bg5 c5 11. Nb3 b6 12. Nxh4 Bh7 13. Nf3 e6 14. g3 Bd6 15. Bg2 0-0 16. 0-0 Qc7 17. Nfd2 Rac8 18. Nc4 Be7 19. a4 Rfd8 20. Qf3 Ne5 21. Qf4 Nxc4 22. Qxc4 e5 23. Rfe1 Bf5 24. Qc3 Be6 25. Nd2 Nd5 26. Bxd5 Bxd5 27. Bxe7 Qxe7 28. Rxe5 Qf6 29. Rae1 Bb7 30. Ne4 Qh6 31. Kh2 Bc6 32. b3 Bd7 33. h4 f6 34. Re7 g5 35. Nxf6+ Kf8 36. Nh7+ Kg8 37. Qc4+ Kh8 38. Nxg5 Rf8 39. Nf7+ Rxf7 40. Qxf7 Rf8 41. Re8 Bxe8 42. Rxe8 Qc1 43. Rxf8# 1-0

[Event "Teusaquillo Rapid op"]
[Site "Teusaquillo"]
[Date "2023.03.05"]
[Round "5"]
[White "Rodriguez Munoz, Cesar Esteban"]
[Black "Vargas Benavides, Mauricio"]
[Result "0-1"]
[WhiteElo "1944"]
[BlackElo "2025"]
[PlyCount "120"]
[EventDate "2023.03.04"]
[EventType "swiss (rapid)"]
[EventRounds "9"]
[EventCountry "COL"]
[SourceTitle "CBM 213 Extra"]
[Source "ChessBase"]
[SourceDate "2023.05.31"]
[SourceVersion "1"]
[SourceVersionDate "2023.05.31"]
[SourceQuality "1"]

1. d4 d5 2. c4 e6 3. Nf3 c6 4. g3 Nf6 5. Bg2 Bb4+ 6. Bd2 Be7 7. 0-0 dxc4 8. a4 a5 9. Qc2 Na6 10. Qxc4 0-0 11. Rd1 Qb6 12. Nc3 Nb4 13. Ne5 Rd8 14. e3 Bd7 15. Qb3 Rac8 16. Rac1 Qa7 17. Be1 Be8 18. Ne4 Nxe4 19. Bxe4 Nd5 20. Nc4 Nb4 21. Ne5 Qa6 22. Bxb4 axb4 23. Nd3 Qa5 24. Nc5 Rc7 25. Bb1 b6 26. Nd3 c5 27. Ne5 Bxa4 28. Qd3 g6 29. Re1 Bb5 30. Qe4 Qa8 31. Qg4 Bf8 32. h4 Bg7 33. h5 Qc8 34. hxg6 hxg6 35. Qf4 Ba6 36. dxc5 Bxe5 37. Qxe5 Rxc5 38. Rxc5 bxc5 39. Rc1 Rd5 40. Qf6 Qd7 41. Kg2 Bb7 42. Be4 Rf5 43. Qh4 Qd2 44. Rf1 Ba6 45. Bxf5 Bxf1+ 46. Kxf1 exf5 47. Qf6 c4 48. Qc6 c3 49. Qe8+ Kg7 50. Qe5+ Kf8 51. Qb8+ Kg7 52. Qe5+ Kh7 53. Qf6 Qd1+ 54. Kg2 Qd5+ 55. e4 fxe4 56. bxc3 e3+ 57. f3 e2 58. Kf2 b3 59. Qh4+ Kg7 60. Qb4 Qd2 0-1

[Event "Bogota El Tablazo op-A"]
[Site "Bogota"]
[Date "2022.06.23"]
[Round "2"]
[White "Palencia Morales, Wilson Guillermo"]
[Black "Rodriguez Munoz, Cesar Esteban"]
[Result "1-0"]
[WhiteElo "2287"]
[BlackElo "1871"]
[PlyCount "95"]
[EventDate "2022.06.23"]
[EventType "swiss"]
[EventRounds "10"]
[EventCountry "COL"]
[SourceTitle "EXT 2023"]
[Source "ChessBase"]
[SourceDate "2022.10.05"]
[SourceVersion "1"]
[SourceVersionDate "2022.10.05"]
[SourceQuality "1"]

1. d4 Nf6 2. Nf3 d5 3. c4 e6 4. Nc3 Bb4 5. Qa4+ Nc6 6. Ne5 Bxc3+ 7. bxc3 Bd7 8. Nxd7 Nxd7 9. cxd5 exd5 10. Qa3 Ne7 11. e3 Nb6 12. Qb3 0-0 13. a4 Rb8 14. Ba3 Re8 15. a5 Nd7 16. Bxe7 Qxe7 17. Qxd5 Nf6 18. Qc4 Ne4 19. Be2 c5 20. d5 Nxf2 21. Kxf2 Qxe3+ 22. Kf1 Re4 23. Qd3 Rf4+ 24. Ke1 Qf2+ 25. Kd2 Rd8 26. Rhf1 Qxg2 27. Rxf4 Rxd5 28. Raf1 Rxd3+ 29. Kxd3 Qd5+ 30. Ke3 Qe5+ 31. Kd2 f6 32. Bc4+ Kf8 33. h4 a6 34. Kc2 Qc7 35. h5 h6 36. Re4 Qxa5 37. Rfe1 Qa4+ 38. Kb2 Qd7 39. Bd3 b5 40. R4e2 f5 41. Bxf5 Qxf5 42. Re8+ Kf7 43. R1e7+ Kf6 44. Rf8+ Kxe7 45. Rxf5 c4 46. Ka3 Ke6 47. Rc5 Kd6 48. Kb4 1-0

[Event "COL Subzt 2.3.4"]
[Site "Risarald"]
[Date "2021.11.25"]
[Round "4"]
[White "Rodriguez Munoz, Cesar Esteban"]
[Black "Villamizar, Diego Fernando"]
[Result "1/2-1/2"]
[WhiteElo "1794"]
[BlackElo "1977"]
[PlyCount "129"]
[EventDate "2021.11.23"]
[EventType "swiss"]
[EventRounds "9"]
[EventCountry "COL"]
[SourceTitle "CBM 205 Extra"]
[Source "ChessBase"]
[SourceDate "2022.01.31"]
[SourceVersion "1"]
[SourceVersionDate "2022.01.31"]
[SourceQuality "1"]

1. c4 Nf6 2. Nc3 e5 3. g3 Bb4 4. Bg2 0-0 5. d3 h6 6. Bd2 c6 7. a3 Be7 8. e4 Na6 9. Nf3 d6 10. 0-0 Re8 11. b4 Bf8 12. d4 Nc7 13. d5 Bd7 14. Qb3 b5 15. dxc6 Bxc6 16. Rfe1 bxc4 17. Qxc4 Qd7 18. Nh4 a5 19. Rab1 axb4 20. axb4 Nb5 21. Ra1 Rac8 22. Nxb5 Bxb5 23. Qb3 Rc4 24. Ra5 Rb8 25. Nf5 Rc7 26. Ne3 Qd8 27. Rea1 Qc8 28. Ra7 Rbb7 29. Rxb7 Rxb7 30. Rc1 Qb8 31. Nd5 Nd7 32. Bh3 Nb6 33. Nxb6 Rxb6 34. Rc8 Qb7 35. f3 Ra6 36. Rc1 Qa8 37. Rc7 Qe8 38. Rxf7 Ra1+ 39. Kf2 Qxf7 40. Be6 Rf1+ 41. Kg2 Rxf3 42. Bxf7+ Rxf7 43. Qd5 Bf1+ 44. Kg1 Bh3 45. b5 Bc8 46. Bb4 Bb7 47. Qe6 Bxe4 48. b6 Bc6 49. Qc8 Bb7 50. Qe8 Rf6 51. Qb8 Ba6 52. b7 Rf1+ 53. Kg2 Rf7 54. Bxd6 Bxb7+ 55. Kh3 Be4 56. Bxf8 Rxf8 57. Qxe5 Bf5+ 58. g4 Bg6 59. Kg3 Kh7 60. h4 Re8 61. Qd4 Re4 62. Qc5 Re8 63. Qd4 h5 64. gxh5 Bxh5 65. Qc5 1/2-1/2

[Event "COL-ch Amateurs U2000"]
[Site "Bogota"]
[Date "2021.06.24"]
[Round "3"]
[White "Ruiz Jaraba, Valentina Sofia"]
[Black "Rodriguez Munoz, Cesar Esteban"]
[Result "0-1"]
[WhiteElo "1656"]
[BlackElo "1838"]
[PlyCount "45"]
[EventDate "2021.06.23"]
[EventType "swiss"]
[EventRounds "7"]
[EventCountry "COL"]
[SourceTitle "CBM 203 Extra"]
[Source "ChessBase"]
[SourceDate "2021.09.30"]
[SourceVersion "1"]
[SourceVersionDate "2021.09.30"]
[SourceQuality "1"]

1. e4 c6 2. d4 d5 3. exd5 cxd5 4. c4 Nf6 5. Nc3 Nc6 6. Nf3 Bg4 7. Be3 e6 8. c5 Be7 9. Be2 0-0 10. 0-0 Rc8 11. a3 a5 12. b4 axb4 13. axb4 Nxb4 14. Qb1 Nc6 15. Qxb7 Ne4 16. Qb2 Rb8 17. Qc1 Bf6 18. Nb5 Rb7 19. h3 Bh5 20. g4 Bg6 21. Ra4 Qd7 22. Bf4 Be7 23. Ne5 0-1

[Event "Antioquia op"]
[Site "Antioquia"]
[Date "2020.03.06"]
[Round "5"]
[White "Rodriguez Munoz, Cesar Esteban"]
[Black "Guarin Fonseca, Nobel Alfredo"]
[Result "0-1"]
[WhiteElo "1893"]
[BlackElo "1713"]
[PlyCount "70"]
[EventDate "2020.03.03"]
[EventType "swiss"]
[EventRounds "9"]
[EventCountry "COL"]
[SourceTitle "CBM 195 Extra"]
[Source "ChessBase"]
[SourceDate "2020.05.31"]
[SourceVersion "1"]
[SourceVersionDate "2020.05.31"]
[SourceQuality "1"]

1. d4 d5 2. Nf3 Nf6 3. g3 c5 4. c3 Nc6 5. Bg2 e6 6. 0-0 Bd6 7. Re1 0-0 8. Nbd2 Re8 9. Nb3 b6 10. Bg5 h6 11. Bxf6 Qxf6 12. e4 c4 13. exd5 Ne7 14. Nbd2 exd5 15. Ne5 Be6 16. Qa4 b5 17. Qxb5 Reb8 18. Qa6 Rb6 19. Qa4 Rxb2 20. Nef3 Bf5 21. Nf1 Be4 22. N3d2 Bd3 23. Nf3 g5 24. Ne3 Be4 25. Nd1 Rab8 26. Nxb2 Rxb2 27. Qd1 g4 28. Nd2 Bxg2 29. Kxg2 h5 30. a4 Nf5 31. Rc1 Nh4+ 32. gxh4 Qf4 33. Rc2 Qxh2+ 34. Kf1 Qh3+ 35. Ke2 Qd3# 0-1

[Event "COL-chC"]
[Site "Bogota"]
[Date "2019.08.28"]
[Round "1"]
[White "Lopez Ramirez, Daniel Giovanny"]
[Black "Rodriguez Munoz, Cesar Esteban"]
[Result "1/2-1/2"]
[WhiteElo "1681"]
[BlackElo "1902"]
[PlyCount "42"]
[EventDate "2019.08.28"]
[EventType "swiss"]
[EventRounds "7"]
[EventCountry "COL"]
[SourceTitle "EXT 2020"]
[Source "ChessBase"]
[SourceDate "2019.10.17"]
[SourceVersion "1"]
[SourceVersionDate "2019.10.17"]
[SourceQuality "1"]

1. e4 c6 2. Nf3 d5 3. Nc3 dxe4 4. Nxe4 Nf6 5. Nxf6+ exf6 6. d4 Bd6 7. Bd3 0-0 8. 0-0 Bg4 9. h3 Bh5 10. Re1 Nd7 11. g4 Bg6 12. Bxg6 hxg6 13. Qd3 Qc7 14. c4 Rfe8 15. Bd2 Rxe1+ 16. Rxe1 Rd8 17. Qe4 c5 18. d5 Ne5 19. Nxe5 fxe5 20. Bc3 g5 21. Qf5 f6 1/2-1/2

[Event "COL-ch Amateur U2000"]
[Site "Bogota"]
[Date "2017.03.05"]
[Round "7"]
[White "Rodriguez Munoz, Cesar Esteban"]
[Black "Hernandez Fonseca, Maria Paula"]
[Result "0-1"]
[WhiteElo "1888"]
[BlackElo "1951"]
[PlyCount "76"]
[EventDate "2017.03.02"]
[EventType "swiss"]
[EventRounds "7"]
[EventCountry "COL"]
[SourceTitle "CBM 177 Extra"]
[Source "ChessBase"]
[SourceDate "2017.04.27"]
[SourceVersion "1"]
[SourceVersionDate "2017.04.27"]
[SourceQuality "1"]

1. d4 Nf6 2. c4 c5 3. e3 e6 4. Nf3 b6 5. Be2 Bb7 6. Nbd2 Ne4 7. Nxe4 Bxe4 8. 0-0 d6 9. Nd2 Bb7 10. b3 Be7 11. dxc5 bxc5 12. Bb2 0-0 13. Qc2 Nd7 14. Rfd1 Qc7 15. Bf3 Bxf3 16. Nxf3 Qc6 17. Rd2 f5 18. Rad1 Rad8 19. b4 e5 20. b5 Qb7 21. a4 Rf6 22. a5 Rg6 23. Ne1 Rf8 24. Qd3 Nf6 25. Qe2 Ne4 26. Rd5 Qc7 27. a6 f4 28. f3 Nf6 29. R5d2 fxe3 30. Qxe3 Nh5 31. Bxe5 dxe5 32. Rd7 Bg5 33. Qe4 Qb6 34. Rb7 Qf6 35. Rxa7 Bf4 36. Rad7 Qh4 37. Qd5+ Kh8 38. Rd8 Be3+ 0-1

[Event "COL-ch Amateur U2000"]
[Site "Bogota"]
[Date "2017.03.04"]
[Round "4"]
[White "Rodriguez Munoz, Cesar Esteban"]
[Black "Palomares Valencia, Daniel Felipe"]
[Result "1-0"]
[WhiteElo "1888"]
[BlackElo "1768"]
[PlyCount "155"]
[EventDate "2017.03.02"]
[EventType "swiss"]
[EventRounds "7"]
[EventCountry "COL"]
[SourceTitle "CBM 177 Extra"]
[Source "ChessBase"]
[SourceDate "2017.04.27"]
[SourceVersion "1"]
[SourceVersionDate "2017.04.27"]
[SourceQuality "1"]

1. d4 Nf6 2. c4 c5 3. Nf3 cxd4 4. Nxd4 e6 5. Nc3 a6 6. e3 Qc7 7. Bd2 Nc6 8. Nxc6 dxc6 9. Rc1 b6 10. Be2 Bd6 11. h3 c5 12. Bf3 Bb7 13. Bxb7 Qxb7 14. Qf3 Qxf3 15. gxf3 Ke7 16. Ke2 Rhd8 17. Ne4 Be5 18. b3 Rd7 19. Rhd1 Rad8 20. a4 a5 21. Nxf6 Kxf6 22. f4 Bc7 23. Bc3+ e5 24. Rxd7 Rxd7 25. Rg1 g6 26. f3 Ke6 27. fxe5 Bxe5 28. Bxe5 Kxe5 29. Rg5+ Ke6 30. h4 h6 31. Rg4 Rd8 32. Re4+ Kf6 33. Rf4+ Kg7 34. Re4 g5 35. hxg5 hxg5 36. Re7 Rd6 37. Re8 f5 38. Re7+ Kg6 39. Re8 g4 40. f4 Kf7 41. Re5 Kg6 42. Re8 Kf6 43. Rf8+ Kg6 44. Re8 Rf6 45. Rg8+ Kf7 46. Rg5 Ke6 47. Rg8 Rh6 48. Kd3 Kf7 49. Rb8 Rg6 50. Ke2 g3 51. Kf1 g2+ 52. Kg1 Kg7 53. Rd8 Kh6 54. Rh8+ Kg7 55. Rh2 Kf7 56. Rxg2 Rd6 57. Rb2 Kg6 58. Kf2 Rd1 59. Ke2 Rg1 60. Kd3 Kh5 61. Rh2+ Kg4 62. Rh6 Kf3 63. Rf6 Rb1 64. Kc2 Re1 65. Rxf5 Rxe3 66. Rf6 Re2+ 67. Kc3 Re3+ 68. Kb2 Rd3 69. Rxb6 Kxf4 70. Rb5 Ke3 71. Rxc5 Rd2+ 72. Ka3 Rh2 73. Rxa5 Kd3 74. Kb4 Rb2 75. Rb5 Kd4 76. Rd5+ Ke4 77. a5 Rb1 78. a6 1-0

[Event "Bogota Distrital-ch 78th"]
[Site "Bogota"]
[Date "2016.04.10"]
[Round "6"]
[White "Ramirez Beltran, Francisco Javier"]
[Black "Rodriguez Munoz, Cesar Esteban"]
[Result "1-0"]
[WhiteElo "1936"]
[BlackElo "1877"]
[PlyCount "111"]
[EventDate "2016.04.08"]
[EventType "swiss"]
[EventRounds "6"]
[EventCountry "COL"]
[SourceTitle "CBM 172 Extra"]
[Source "ChessBase"]
[SourceDate "2016.06.21"]
[SourceVersion "1"]
[SourceVersionDate "2016.06.21"]
[SourceQuality "1"]

1. e4 e5 2. Nf3 Nc6 3. Bb5 Nf6 4. 0-0 Nxe4 5. Re1 Nd6 6. Nxe5 Be7 7. Nxc6 dxc6 8. Bf1 0-0 9. d4 Bf6 10. c3 Bf5 11. Be3 Qd7 12. Nd2 Rfe8 13. g3 Re7 14. Bg2 Rae8 15. h4 Bg4 16. Bf3 Bxf3 17. Qxf3 Qf5 18. Qxf5 Nxf5 19. Nf1 g5 20. h5 Kg7 21. g4 Nd6 22. b3 Nb5 23. Bd2 Rxe1 24. Rxe1 Rxe1 25. Bxe1 c5 26. a4 Nd6 27. d5 c4 28. bxc4 Nxc4 29. Ne3 Nb2 30. a5 Nd3 31. Bd2 Nc5 32. c4 Ne4 33. Nf5+ Kf8 34. Bb4+ Ke8 35. c5 Kd7 36. a6 bxa6 37. c6+ Kd8 38. Kf1 Be5 39. Ke2 Ke8 40. f3 Nd6 41. Nxd6+ cxd6 42. Bd2 f6 43. Kd3 Bg3 44. Be3 Be1 45. Bxa7 Ba5 46. Bd4 Ke7 47. Ke4 Kf7 48. Kf5 Bc7 49. Bxf6 h6 50. Bc3 Bd8 51. Ke4 Bb6 52. Kd3 Bc7 53. Kc4 Bb6 54. Kb3 Bc7 55. Ka4 Ke7 56. Ba5 1-0